[Event "South Wales Autumn op"]
[Site "Newport"]
[Date "2018.11.17"]
[Round "3"]
[White "Fathallah, Joe"]
[Black "White, Ernest Michael"]
[Result "1-0"]
[WhiteElo "1963"]
[BlackElo "1806"]
[PlyCount "87"]
[EventDate "2018.11.16"]
[EventType "swiss"]
[EventRounds "5"]
[EventCountry "WLS"]
[SourceTitle "EXT 2020"]
[Source "ChessBase"]
[SourceDate "2019.10.17"]
[SourceVersion "1"]
[SourceVersionDate "2019.10.17"]
[SourceQuality "1"]

1. d4 f5 2. g3 g6 3. Bg2 Bg7 4. Nf3 Nf6 5. 0-0 0-0 6. c4 d6 7. Nc3 Nc6 8. d5 Ne5 9. Nxe5 dxe5 10. c5 Rb8 11. Qb3 Kh8 12. Rd1 a6 13. Bd2 Qe8 14. Be1 Qf7 15. Qa3 Ne8 16. b4 e4 17. Rab1 b5 18. Qc1 Be5 19. a4 Qf6 20. axb5 axb5 21. Ra1 e6 22. Ra5 exd5 23. Nxd5 Qf7 24. Bc3 Bxc3 25. Qxc3+ Kg8 26. Qe5 Be6 27. Nc3 Bc4 28. e3 Qf6 29. Qxf6 Rxf6 30. Bf1 Bxf1 31. Kxf1 c6 32. Ra7 Re6 33. Rdd7 Nf6 34. Rg7+ Kf8 35. Raf7+ Ke8 36. Ne2 Ra8 37. Nd4 Ra1+ 38. Kg2 Nh5 39. Nxe6 Nxg7 40. Rxg7 Rb1 41. Nd4 Rxb4 42. Nxc6 Rc4 43. Nd4 Rxc5 44. Rb7 1-0

[Event "South Wales Autumn op"]
[Site "Newport"]
[Date "2018.11.17"]
[Round "2"]
[White "White, Ernest Michael"]
[Black "Whitehead, Mark A"]
[Result "1-0"]
[WhiteElo "1806"]
[BlackElo "1922"]
[PlyCount "49"]
[EventDate "2018.11.16"]
[EventType "swiss"]
[EventRounds "5"]
[EventCountry "WLS"]
[SourceTitle "EXT 2020"]
[Source "ChessBase"]
[SourceDate "2019.10.17"]
[SourceVersion "1"]
[SourceVersionDate "2019.10.17"]
[SourceQuality "1"]

1. e4 c5 2. Nf3 e6 3. d4 cxd4 4. Nxd4 a6 5. Be2 b5 6. Be3 Bb7 7. Nd2 d6 8. 0-0 Nf6 9. f3 Be7 10. c3 0-0 11. Qe1 Nc6 12. Qg3 Kh8 13. Bd3 Ne5 14. Be2 Qc7 15. Kh1 Rac8 16. Rae1 Nh5 17. Qh3 g6 18. f4 Nd7 19. f5 e5 20. fxg6 fxg6 21. Ne6 Rxf1+ 22. Rxf1 Qb8 23. Rf7 Re8 24. g4 Nhf6 25. Qh6 1-0

[Event "WLS-ch 63rd"]
[Site "Cardiff"]
[Date "2017.04.15"]
[Round "3"]
[White "Van Kemenade, Rudy"]
[Black "White, Ernest Michael"]
[Result "1-0"]
[WhiteElo "1914"]
[BlackElo "1867"]
[PlyCount "57"]
[EventDate "2017.04.14"]
[EventType "swiss"]
[EventRounds "7"]
[EventCountry "WLS"]
[SourceTitle "CBM 177 Extra"]
[Source "ChessBase"]
[SourceDate "2017.04.27"]
[SourceVersion "1"]
[SourceVersionDate "2017.04.27"]
[SourceQuality "1"]

1. e4 d6 2. d4 Nd7 3. c4 g6 4. Nc3 Bg7 5. Nf3 e6 6. Be2 Ne7 7. 0-0 0-0 8. Be3 a6 9. a4 f5 10. Ng5 Nf6 11. e5 dxe5 12. dxe5 Qxd1 13. Rfxd1 Ng4 14. Bxg4 fxg4 15. Bc5 Re8 16. Bxe7 Rxe7 17. Rd8+ Bf8 18. Rad1 h6 19. Nge4 Kf7 20. Nf6 Bg7 21. Nxg4 h5 22. Nf6 Bxf6 23. exf6 Kxf6 24. Rh8 c6 25. Rdd8 Rc7 26. Ne4+ Ke7 27. Rhe8+ Kf7 28. Rxc8 Rd7 29. f3 1-0

[Event "WLS-ch 63rd"]
[Site "Cardiff"]
[Date "2017.04.15"]
[Round "4"]
[White "White, Ernest Michael"]
[Black "Guha, Chirag"]
[Result "1-0"]
[WhiteElo "1867"]
[BlackElo "1752"]
[PlyCount "39"]
[EventDate "2017.04.14"]
[EventType "swiss"]
[EventRounds "7"]
[EventCountry "WLS"]
[SourceTitle "CBM 177 Extra"]
[Source "ChessBase"]
[SourceDate "2017.04.27"]
[SourceVersion "1"]
[SourceVersionDate "2017.04.27"]
[SourceQuality "1"]

1. e4 e5 2. Nf3 Nc6 3. Bb5 f5 4. Nc3 fxe4 5. Nxe4 d5 6. Nxe5 dxe4 7. Nxc6 Qg5 8. Ne5+ c6 9. d4 Qxg2 10. Bf1 Qxh1 11. Qh5+ g6 12. Nxg6 hxg6 13. Qxh8 Kf7 14. Be3 Bg4 15. Kd2 Be6 16. Qh7+ Bg7 17. Bc4 Qxa1 18. Bxe6+ Kxe6 19. Qxg7 Qxb2 20. d5+ 1-0

[Event "WLS-ch 63rd"]
[Site "Cardiff"]
[Date "2017.04.14"]
[Round "2"]
[White "White, Ernest Michael"]
[Black "Saunders, Walter NR"]
[Result "0-1"]
[WhiteElo "1867"]
[BlackElo "2030"]
[PlyCount "108"]
[EventDate "2017.04.14"]
[EventType "swiss"]
[EventRounds "7"]
[EventCountry "WLS"]
[SourceTitle "CBM 177 Extra"]
[Source "ChessBase"]
[SourceDate "2017.04.27"]
[SourceVersion "1"]
[SourceVersionDate "2017.04.27"]
[SourceQuality "1"]

1. e4 g6 2. d4 Bg7 3. Nc3 d6 4. g3 Nd7 5. Bg2 c5 6. Nge2 Ngf6 7. 0-0 0-0 8. h3 Rb8 9. Be3 b5 10. a3 Qc7 11. Nf4 e6 12. Qe2 a6 13. g4 Bb7 14. g5 Ne8 15. d5 e5 16. Nd3 Nb6 17. Rae1 f5 18. f3 f4 19. Bc1 Qe7 20. h4 h6 21. Bh3 Bc8 22. Bxc8 Rxc8 23. Qg2 hxg5 24. hxg5 Kf7 25. Kf2 Rh8 26. Rh1 Nc7 27. Ke2 Rcg8 28. Nf2 a5 29. Reg1 b4 30. Nb1 Qd7 31. Ng4 Qb5+ 32. Kd1 Qc4 33. Rxh8 Rxh8 34. Nh6+ Ke7 35. Nd2 Qd4 36. Rh1 c4 37. Qg1 Qxg1+ 38. Rxg1 Bxh6 39. gxh6 Rxh6 40. Nf1 Nb5 41. axb4 axb4 42. Bd2 c3 43. bxc3 bxc3 44. Be1 Nc4 45. Ke2 Nb2 46. Bf2 Kf6 47. Bb6 Rh8 48. Bf2 Na3 49. Be1 Rc8 50. Bh4+ Kf7 51. Bg5 Nxc2 52. Rh1 Nd4+ 53. Kf2 Nd3+ 54. Kg2 Ne1+ 0-1

[Event "WLS-ch Seniors 1st"]
[Site "Newport"]
[Date "2015.08.31"]
[Round "5"]
[White "White, Ernest Michael"]
[Black "Harle, Bill"]
[Result "1-0"]
[WhiteElo "1928"]
[BlackElo "1856"]
[PlyCount "109"]
[EventDate "2015.08.28"]
[EventType "swiss"]
[EventRounds "6"]
[EventCountry "WLS"]
[SourceTitle "EXT 2018"]
[Source "ChessBase"]
[SourceDate "2017.10.13"]
[SourceVersion "1"]
[SourceVersionDate "2017.10.13"]
[SourceQuality "1"]

1. e4 c6 2. d4 d5 3. Nc3 dxe4 4. Nxe4 g6 5. h3 Bg7 6. Nf3 Nf6 7. Nxf6+ exf6 8. Bd3 0-0 9. 0-0 Nd7 10. Be3 Nb6 11. c4 Be6 12. Qc2 Rc8 13. a4 Qe7 14. a5 Na8 15. Bd2 Nc7 16. b4 Rfd8 17. Bc3 Qd7 18. Qb2 Ne8 19. Rfd1 Bf5 20. Be2 Qe7 21. Bf1 Qc7 22. c5 Be4 23. Nd2 Bd5 24. b5 f5 25. b6 axb6 26. axb6 Qf4 27. Nc4 Rd7 28. Ra4 Nf6 29. Ne5 Re7 30. Bd2 Qh4 31. Bc4 Ne4 32. Be3 f4 33. Nf3 Qh6 34. Bc1 Ng5 35. Bxd5 cxd5 36. Nxg5 Qxg5 37. Qd2 Re4 38. f3 Re3 39. Qf2 Re7 40. Re1 Rce8 41. Rxe7 Qxe7 42. Bxf4 Qd7 43. Ra1 Qb5 44. Kh2 Re2 45. Ra8+ Re8 46. Rxe8+ Qxe8 47. Qe3 Qd7 48. Be5 Bf8 49. Qf4 Be7 50. Qe3 Qe6 51. Qa3 Qc8 52. Qa2 Qd8 53. Qa7 f6 54. Bg3 Qc8 55. Qb8 1-0

[Event "WLS-ch Seniors 1st"]
[Site "Newport"]
[Date "2015.08.29"]
[Round "3"]
[White "White, Ernest Michael"]
[Black "Taylor, Robert Graham"]
[Result "0-1"]
[WhiteElo "1928"]
[BlackElo "1964"]
[PlyCount "58"]
[EventDate "2015.08.28"]
[EventType "swiss"]
[EventRounds "6"]
[EventCountry "WLS"]
[SourceTitle "EXT 2018"]
[Source "ChessBase"]
[SourceDate "2017.10.13"]
[SourceVersion "1"]
[SourceVersionDate "2017.10.13"]
[SourceQuality "1"]

1. e4 c5 2. Nf3 e6 3. d4 cxd4 4. Nxd4 Nc6 5. Nb5 d6 6. Bf4 e5 7. Be3 Nf6 8. Nd2 a6 9. Na3 Ng4 10. Bc4 Be7 11. Qe2 0-0 12. c3 Nxe3 13. Qxe3 b5 14. Bd5 Bd7 15. 0-0 Rc8 16. Nc2 Be6 17. Bxe6 fxe6 18. Rad1 Qa5 19. a3 Qc7 20. Nb4 Nb8 21. Nf3 a5 22. Nd3 Rf6 23. h3 Rcf8 24. Kh1 Nd7 25. Nh2 Rg6 26. f4 Nf6 27. Nf3 Nh5 28. Ng5 exf4 29. Nxf4 Nxf4 0-1

[Event "WLS-ch Seniors 1st"]
[Site "Newport"]
[Date "2015.08.28"]
[Round "1"]
[White "Emblem, Mark"]
[Black "White, Ernest Michael"]
[Result "0-1"]
[WhiteElo "1567"]
[BlackElo "1928"]
[PlyCount "132"]
[EventDate "2015.08.28"]
[EventType "swiss"]
[EventRounds "6"]
[EventCountry "WLS"]
[SourceTitle "EXT 2018"]
[Source "ChessBase"]
[SourceDate "2017.10.13"]
[SourceVersion "1"]
[SourceVersionDate "2017.10.13"]
[SourceQuality "1"]

1. d4 f5 2. Nf3 g6 3. Bf4 Bg7 4. c3 Nf6 5. Nbd2 d6 6. h3 0-0 7. e3 Qe8 8. Bd3 Nc6 9. 0-0 Nh5 10. Bh2 Kh8 11. d5 Ne5 12. Be2 Nxf3+ 13. Nxf3 e5 14. dxe6 Bxe6 15. Nd4 Bd7 16. Bf3 Rb8 17. Re1 Be5 18. Bxe5+ dxe5 19. Nc2 Ng7 20. Qd2 b6 21. Rad1 Rd8 22. Qc1 c5 23. Rd2 e4 24. Be2 Qe7 25. Red1 Be6 26. b3 h6 27. c4 Kh7 28. Kh2 Rde8 29. Rg1 f4 30. exf4 Qh4 31. Qe1 Qxf4+ 32. g3 Qxf2+ 33. Qxf2 Rxf2+ 34. Rg2 Rxg2+ 35. Kxg2 Nf5 36. g4 Nh4+ 37. Kg3 g5 38. Ne3 Kg7 39. Bf1 Nf3 40. Re2 Nd4 41. Rf2 Bc8 42. Bg2 Bb7 43. Bh1 Kg6 44. Bg2 Nf3 45. Re2 Bc6 46. Nd5 Bxd5 47. cxd5 Nd4 48. Rxe4 Rxe4 49. Bxe4+ Kf6 50. Kf2 Ke5 51. Ke3 Nb5 52. Bd3 Nc3 53. a3 Nxd5+ 54. Kf3 Nf4 55. Bf1 Ne6 56. Bc4 Nd4+ 57. Ke3 b5 58. Bd3 a6 59. a4 Nxb3 60. axb5 axb5 61. Bxb5 Nd4 62. Ba4 Ne6 63. Bb3 Nf4 64. Bc4 Nxh3 65. Bb3 Nf4 66. Bc2 Nd5+ 0-1

[Event "WLS-ch 61st"]
[Site "Cardiff"]
[Date "2015.04.06"]
[Round "6"]
[White "Thorpe, Thomas"]
[Black "White, Ernest Michael"]
[Result "0-1"]
[WhiteElo "1869"]
[BlackElo "1920"]
[PlyCount "32"]
[EventDate "2015.04.03"]
[EventType "swiss"]
[EventRounds "7"]
[EventCountry "WLS"]
[SourceTitle "CBM 165 Extra"]
[Source "ChessBase"]
[SourceDate "2015.04.21"]
[SourceVersion "1"]
[SourceVersionDate "2015.04.21"]
[SourceQuality "1"]

1. e4 e5 2. Nf3 Nc6 3. c3 d5 4. Qa4 Nf6 5. Nxe5 Bd6 6. Nxc6 bxc6 7. exd5 0-0 8. dxc6 Re8+ 9. Kd1 Ng4 10. Qd4 Re4 11. Qd5 Nxf2+ 12. Kc2 Re5 13. Qd4 Nxh1 14. Qg1 Bf5+ 15. d3 Re1 16. Kd2 Qe7 0-1

[Event "Welsh Winter op"]
[Site "Penarth"]
[Date "2015.01.31"]
[Round "3"]
[White "White, Ernest Michael"]
[Black "Whitehead, Mark A"]
[Result "1/2-1/2"]
[WhiteElo "1904"]
[BlackElo "1985"]
[PlyCount "38"]
[EventDate "2015.01.30"]
[EventType "swiss"]
[EventRounds "5"]
[EventCountry "WLS"]
[SourceTitle "EXT 2018"]
[Source "ChessBase"]
[SourceDate "2017.10.13"]
[SourceVersion "1"]
[SourceVersionDate "2017.10.13"]
[SourceQuality "1"]

1. e4 c5 2. Nf3 e6 3. d4 cxd4 4. Nxd4 a6 5. Be3 Nf6 6. Nd2 Be7 7. Be2 0-0 8. 0-0 d5 9. e5 Nfd7 10. f4 Nc6 11. Nxc6 bxc6 12. Bd3 g6 13. Nf3 c5 14. c3 Rb8 15. b3 Qc7 16. c4 Nb6 17. Nd2 f5 18. Qe2 d4 19. Bf2 Bb7 1/2-1/2

[Event "WLS-ch 60th"]
[Site "Cardiff"]
[Date "2014.04.21"]
[Round "6"]
[White "White, Ernest Michael"]
[Black "Downey, Keith"]
[Result "1-0"]
[WhiteElo "1895"]
[BlackElo "1969"]
[PlyCount "61"]
[EventDate "2014.04.18"]
[EventType "swiss"]
[EventRounds "7"]
[EventCountry "WLS"]
[SourceTitle "CBM 160 Extra"]
[Source "ChessBase"]
[SourceDate "2014.07.01"]
[SourceVersion "1"]
[SourceVersionDate "2014.07.01"]
[SourceQuality "1"]

1. e4 c5 2. Nc3 Nc6 3. g3 g6 4. Bg2 Bg7 5. d3 e6 6. Be3 d6 7. Qd2 Qa5 8. Nge2 Nd4 9. Nc1 Ne7 10. 0-0 Nec6 11. f4 0-0 12. a3 Bd7 13. Rb1 Qc7 14. Nd1 a6 15. c3 Nb5 16. Qf2 f5 17. exf5 exf5 18. a4 Nba7 19. Ne2 Rae8 20. d4 b6 21. b4 cxd4 22. cxd4 Ne7 23. Rc1 Qb8 24. d5 Nec8 25. Ndc3 Re7 26. Nd4 Rfe8 27. Ne6 Rxe6 28. dxe6 Bxe6 29. Nd5 Bf7 30. Bd4 Bh6 31. Nf6+ 1-0

[Event "WLS-ch 60th"]
[Site "Cardiff"]
[Date "2014.04.19"]
[Round "3"]
[White "Miles, Richard"]
[Black "White, Ernest Michael"]
[Result "0-1"]
[WhiteElo "2065"]
[BlackElo "1895"]
[PlyCount "114"]
[EventDate "2014.04.18"]
[EventType "swiss"]
[EventRounds "7"]
[EventCountry "WLS"]
[SourceTitle "CBM 160 Extra"]
[Source "ChessBase"]
[SourceDate "2014.07.01"]
[SourceVersion "1"]
[SourceVersionDate "2014.07.01"]
[SourceQuality "1"]

1. d4 f5 2. Bg5 g6 3. Nc3 Bg7 4. e3 b6 5. h4 h6 6. Bf4 e6 7. Nf3 Bb7 8. Rg1 d6 9. g4 Qe7 10. gxf5 gxf5 11. Bb5+ Nd7 12. Bxd7+ Qxd7 13. Qe2 0-0-0 14. 0-0-0 Nf6 15. Ne5 dxe5 16. dxe5 Nd5 17. Nxd5 Bxd5 18. c4 Qc6 19. Rxg7 Bf3 20. Rxd8+ Rxd8 21. Qf1 Rd1+ 22. Qxd1 Bxd1 23. Kxd1 Qxc4 24. Kd2 Qxa2 25. Kc1 Qc4+ 26. Kd2 Qb4+ 27. Kc2 Qe4+ 28. Kd2 Qh1 29. Bg3 Qb1 30. Kc3 Qc1+ 31. Kb3 b5 32. Ka2 h5 33. Rh7 Qd1 34. Rh8+ Kb7 35. Bf4 a5 36. Bg5 a4 37. Rd8 Qc2 38. Rd4 Qb3+ 39. Ka1 b4 40. Be7 Qc2 41. Rxb4+ Kc6 42. Rf4 Kd7 43. Bf8 c5 44. Bd6 Kc6 45. Be7 Qd1+ 46. Ka2 Qd5+ 47. Ka1 Qd1+ 48. Ka2 Qb3+ 49. Ka1 a3 50. bxa3 Qxa3+ 51. Kb1 Qb3+ 52. Kc1 Qc3+ 53. Kd1 Qxe5 54. Kc2 Kb5 55. Bg5 Qd5 56. Kc3 Qd1 57. Kb2 e5 0-1

[Event "South Wales op 9th"]
[Site "Penarth"]
[Date "2012.07.12"]
[Round "9"]
[White "White, Ernest Michael"]
[Black "Iyengar, Ilya"]
[Result "0-1"]
[WhiteElo "1911"]
[BlackElo "2003"]
[PlyCount "96"]
[EventDate "2012.07.08"]
[EventType "swiss"]
[EventRounds "9"]
[EventCountry "WLS"]
[SourceTitle "CBM 149 Extra"]
[Source "ChessBase"]
[SourceDate "2012.08.24"]
[SourceVersion "1"]
[SourceVersionDate "2012.08.24"]
[SourceQuality "1"]

1. e4 c5 2. Nf3 e6 3. d4 cxd4 4. Nxd4 Nf6 5. Nc3 d6 6. Be3 a6 7. f3 Qc7 8. g4 Nc6 9. Qd2 b5 10. 0-0-0 Bb7 11. g5 Nd7 12. Bh3 Nde5 13. Qe2 Nc4 14. Bf2 Nxd4 15. Bxd4 Be7 16. Bxg7 Bxg5+ 17. Kb1 Rg8 18. Bd4 Bf4 19. Rhg1 Rg6 20. Rxg6 hxg6 21. Bf6 Be5 22. Bxe5 dxe5 23. Qd3 Rd8 24. Qxd8+ Qxd8 25. Rxd8+ Kxd8 26. Kc1 Ke7 27. b3 Nd6 28. Kd2 Kf6 29. Nd1 Kg5 30. c3 Kf4 31. Bg2 f5 32. Nf2 fxe4 33. fxe4 Nxe4+ 34. Bxe4 Bxe4 35. Nxe4 Kxe4 36. Ke2 g5 37. h3 Kf4 38. Kf2 e4 39. c4 bxc4 40. bxc4 e3+ 41. Ke2 Ke4 42. c5 Kd5 43. Kxe3 Kxc5 44. Kf3 Kd4 45. Kg4 e5 46. Kxg5 e4 47. h4 e3 48. h5 e2 0-1

[Event "South Wales op 9th"]
[Site "Penarth"]
[Date "2012.07.08"]
[Round "1"]
[White "White, Ernest Michael"]
[Black "Jones, Jeremy"]
[Result "1-0"]
[WhiteElo "1911"]
[BlackElo "1601"]
[PlyCount "71"]
[EventDate "2012.07.08"]
[EventType "swiss"]
[EventRounds "9"]
[EventCountry "WLS"]
[SourceTitle "CBM 149 Extra"]
[Source "ChessBase"]
[SourceDate "2012.08.24"]
[SourceVersion "1"]
[SourceVersionDate "2012.08.24"]
[SourceQuality "1"]

1. e4 c5 2. Nc3 d6 3. g3 Nf6 4. Bg2 g6 5. d3 Bg7 6. Be3 Nc6 7. h3 Bd7 8. Nge2 0-0 9. 0-0 Rb8 10. Qd2 b5 11. Rae1 Qc8 12. Kh2 e6 13. f4 b4 14. Nd1 Rb5 15. g4 h6 16. Bf2 Kh7 17. Ne3 Ng8 18. Nc4 Qc7 19. Bg3 f5 20. Rb1 Nge7 21. Ne3 e5 22. gxf5 gxf5 23. exf5 Nxf5 24. Be4 Nce7 25. fxe5 dxe5 26. Bh4 Kh8 27. Bxe7 Nxe7 28. Rxf8+ Bxf8 29. Rf1 Bg7 30. Ng3 Rb8 31. Nh5 Rf8 32. Rxf8+ Bxf8 33. Qf2 Qc8 34. Qf7 Bf5 35. Nxf5 Nxf5 36. Bxf5 1-0

[Event "WLS-ch 57th"]
[Site "Cardiff"]
[Date "2011.04.24"]
[Round "4"]
[White "White, Ernest Michael"]
[Black "Kelly, Paul J"]
[Result "0-1"]
[WhiteElo "1952"]
[BlackElo "1924"]
[PlyCount "152"]
[EventDate "2011.04.22"]
[EventType "swiss"]
[EventRounds "7"]
[EventCountry "WLS"]
[SourceTitle "CBM 142 Extra"]
[Source "ChessBase"]
[SourceDate "2011.06.27"]
[SourceVersion "1"]
[SourceVersionDate "2011.06.27"]
[SourceQuality "1"]

1. e4 e6 2. d4 d5 3. e5 c5 4. c3 Nc6 5. Nf3 Bd7 6. a3 c4 7. Nbd2 Na5 8. Rb1 Bc6 9. Be2 Qd7 10. 0-0 Ba4 11. Qe1 Bc2 12. Ra1 Qa4 13. Kh1 Rc8 14. Rg1 Rc6 15. Qf1 a6 16. h3 Ne7 17. g3 h6 18. Qg2 b5 19. Nh2 Rb6 20. Ng4 Nf5 21. Ne3 Nxe3 22. fxe3 Nb3 23. Nxb3 Qxb3 24. Qf2 Be7 25. Bf3 Qa4 26. Kh2 Bd3 27. Qg2 0-0 28. e4 dxe4 29. Bxe4 Bxe4 30. Qxe4 Rbb8 31. Be3 Qa5 32. Raf1 Qc7 33. Qg4 Kh7 34. Qh5 Bd8 35. Rf2 Rb7 36. Rgf1 Qd7 37. Rf6 Bxf6 38. Rxf6 Rh8 39. Rf2 Kg8 40. Qf3 Qd5 41. Qg4 Kf8 42. Bd2 Rg8 43. Qg6 Re7 44. Bc1 Qd8 45. Be3 Ke8 46. Qh7 Kd7 47. Qe4 Qa8 48. d5 exd5 49. Rd2 Ke8 50. Qh7 Kd7 51. Qe4 Kc8 52. Rxd5 Qb7 53. Qd4 Rd7 54. Rc5+ Kb8 55. Qf4 Ka8 56. Bd4 g5 57. Qg4 Rg6 58. Qe2 Rc6 59. Rxc6 Qxc6 60. Qg4 Kb7 61. Qf5 Qe6 62. Qe4+ Rd5 63. Kg2 f5 64. Qf3 Kc6 65. Kf2 Kd7 66. Kg2 Ke7 67. Qe3 Kf7 68. Kh2 Kg6 69. Kg2 Rd7 70. Kh2 Qd5 71. Kg1 Rf7 72. Kh2 f4 73. gxf4 Rxf4 74. e6 Re4 75. Qf3 Qxe6 76. Qf8 Rf4 0-1

[Event "South Wales op 7th"]
[Site "Treforest"]
[Date "2010.07.14"]
[Round "8"]
[White "Jaunooby, Ali Reza"]
[Black "White, Ernest Michael"]
[Result "1-0"]
[WhiteElo "2155"]
[BlackElo "1940"]
[PlyCount "71"]
[EventDate "2010.07.10"]
[EventType "swiss"]
[EventRounds "9"]
[EventCountry "WLS"]
[SourceTitle "CBM 137 Extra"]
[Source "ChessBase"]
[SourceDate "2010.09.01"]
[SourceVersion "1"]
[SourceVersionDate "2010.09.01"]
[SourceQuality "1"]

1. d4 f5 2. g4 fxg4 3. h3 g3 4. fxg3 d5 5. Bg2 Nf6 6. c4 e6 7. Bf4 Bd6 8. e3 0-0 9. Nc3 Na6 10. c5 Bxf4 11. exf4 b6 12. cxb6 axb6 13. Nf3 c5 14. 0-0 Ra7 15. Ne5 Bd7 16. Re1 Nb4 17. a3 cxd4 18. Ne2 d3 19. Nxd3 Nc6 20. Nc3 d4 21. Nb5 Ra5 22. Qb3 Ne7 23. Nxd4 Ba4 24. Qxe6+ Rf7 25. Qc4 Ned5 26. Nc6 Bxc6 27. Qxc6 Rc7 28. Qe6+ Kh8 29. Ne5 Qf8 30. Rac1 Rac5 31. Rxc5 Qxc5+ 32. Kh2 Qf2 33. Re2 Nxf4 34. Nf7+ Kg8 35. Nh6+ Kh8 36. Qe8+ 1-0

[Event "WLS-ch"]
[Site "Cardiff"]
[Date "2010.04.03"]
[Round "3"]
[White "Brown, Thomas"]
[Black "White, Ernest Michael"]
[Result "1-0"]
[WhiteElo "2055"]
[BlackElo "1951"]
[PlyCount "77"]
[EventDate "2010.04.02"]
[EventType "swiss"]
[EventRounds "7"]
[EventCountry "WLS"]
[SourceTitle "CBM 135 Extra"]
[Source "ChessBase"]
[SourceDate "2010.05.04"]
[SourceVersion "1"]
[SourceVersionDate "2010.05.04"]
[SourceQuality "1"]

1. d4 f5 2. e4 fxe4 3. Nc3 Nf6 4. Bg5 Nc6 5. d5 Ne5 6. Qe2 d6 7. Nxe4 Bf5 8. Ng3 Qd7 9. Bxf6 gxf6 10. Nxf5 Qxf5 11. g3 Bh6 12. Bh3 Qg6 13. f4 Nf7 14. 0-0-0 0-0 15. Qe6 c6 16. dxc6 bxc6 17. Nf3 Kh8 18. Nh4 Qh5 19. Qf5 Qe2 20. Rde1 Qa6 21. Bf1 Qxa2 22. Bd3 Ng5 23. Rxe7 Rf7 24. Rxf7 Qxf7 25. fxg5 Bxg5+ 26. Kb1 Re8 27. Nf3 Be3 28. Rf1 Rb8 29. Qe4 Qb7 30. b3 Bh6 31. Re1 Bf8 32. Nd4 d5 33. Qf5 c5 34. Ne6 c4 35. Nxf8 cxd3 36. Qxf6+ Kg8 37. Re7 dxc2+ 38. Kc1 Rxf8 39. Qg7# 1-0

[Event "South Wales op 6th"]
[Site "Treforest"]
[Date "2009.07.13"]
[Round "4"]
[White "Menadue, Jeremy FS"]
[Black "White, Ernest Michael"]
[Result "1-0"]
[WhiteElo "2174"]
[BlackElo "1976"]
[PlyCount "53"]
[EventDate "2009.07.11"]
[EventType "swiss"]
[EventRounds "9"]
[EventCountry "WLS"]
[SourceTitle "CBM 131 Extra"]
[Source "ChessBase"]
[SourceDate "2009.09.03"]
[SourceVersion "2"]
[SourceVersionDate "2009.09.16"]
[SourceQuality "1"]

1. d4 f5 2. Bg5 g6 3. Nc3 Bg7 4. h4 d5 5. Nf3 c5 6. e3 c4 7. Ne5 Nc6 8. f4 Nxe5 9. fxe5 Be6 10. h5 Qd7 11. hxg6 hxg6 12. Rxh8 Bxh8 13. b3 0-0-0 14. Be2 Qc7 15. bxc4 Nf6 16. Bf4 Ne4 17. Nxe4 fxe4 18. c5 g5 19. Bg3 Qa5+ 20. Qd2 Qxd2+ 21. Kxd2 Bg7 22. Rc1 a6 23. Rb1 Rh8 24. Rb6 Bd7 25. e6 Bb5 26. Bxb5 axb5 27. c6 1-0

[Event "WLS-ch"]
[Site "Cardiff"]
[Date "2009.04.13"]
[Round "7"]
[White "White, Ernest Michael"]
[Black "Fathallah, Joe"]
[Result "1-0"]
[WhiteElo "1979"]
[BlackElo "1964"]
[PlyCount "109"]
[EventDate "2009.04.10"]
[EventType "swiss"]
[EventRounds "7"]
[EventCountry "WLS"]
[SourceTitle "CBM 129 Extra"]
[Source "ChessBase"]
[SourceDate "2009.05.05"]
[SourceVersion "2"]
[SourceVersionDate "2009.05.20"]
[SourceQuality "1"]

1. e4 e6 2. d4 d5 3. e5 c5 4. c3 Nc6 5. Nf3 Bd7 6. a3 c4 7. Nbd2 f6 8. Be2 Qc7 9. exf6 Nxf6 10. 0-0 Bd6 11. Re1 0-0 12. Qc2 Ne7 13. Nf1 Ng6 14. Ng3 Rae8 15. Bg5 Nf4 16. Bxf4 Bxf4 17. Ne5 Bh6 18. Bf3 Bc6 19. Re2 Nd7 20. Rae1 Nxe5 21. Rxe5 Bd7 22. Bg4 Qd6 23. Nf1 b5 24. g3 a5 25. f4 g6 26. Nd2 Bg7 27. R5e3 b4 28. axb4 axb4 29. Nf3 Bf6 30. h4 Kg7 31. Qe2 bxc3 32. bxc3 Re7 33. h5 gxh5 34. Bxh5 Be8 35. Ne5 Bxh5 36. Qxh5 Kg8 37. Nf3 Rg7 38. Kh2 Re7 39. Qg4+ Kh8 40. Rxe6 Qd7 41. Qh3 Rfe8 42. Rxe7 Qxh3+ 43. Kxh3 Rxe7 44. Rxe7 Bxe7 45. Kg4 Ba3 46. Ng1 Kg7 47. Kf5 Bc1 48. Ne2 Bd2 49. g4 h5 50. gxh5 Kh6 51. Ke5 Kxh5 52. Kxd5 Kg6 53. Kxc4 Kf6 54. Kd5 Ke7 55. c4 1-0

[Event "WLS-ch"]
[Site "Cardiff"]
[Date "2009.04.12"]
[Round "5"]
[White "White, Ernest Michael"]
[Black "Brown, Thomas"]
[Result "1/2-1/2"]
[WhiteElo "1979"]
[BlackElo "2053"]
[PlyCount "50"]
[EventDate "2009.04.10"]
[EventType "swiss"]
[EventRounds "7"]
[EventCountry "WLS"]
[SourceTitle "CBM 129 Extra"]
[Source "ChessBase"]
[SourceDate "2009.05.05"]
[SourceVersion "2"]
[SourceVersionDate "2009.05.20"]
[SourceQuality "1"]

1. e4 e6 2. d4 d5 3. e5 c5 4. c3 Nc6 5. Nf3 Bd7 6. a3 f6 7. Bd3 Qb6 8. b4 c4 9. Bc2 Be7 10. a4 Qc7 11. b5 Na5 12. Ba3 0-0-0 13. Bb4 Be8 14. Nbd2 b6 15. Qe2 f5 16. Qe3 h6 17. h4 Bh5 18. Bd1 g6 19. Bxa5 bxa5 20. Ng1 Bxd1 21. Kxd1 Bf8 22. Nh3 Ne7 23. Nf4 Kd7 24. Ke2 Rb8 25. Nb1 Rb6 1/2-1/2

[Event "East Devon op"]
[Site "Exeter"]
[Date "2009.03.08"]
[Round "4"]
[White "Gorodi, John G"]
[Black "White, Ernest Michael"]
[Result "0-1"]
[WhiteElo "1696"]
[BlackElo "1864"]
[PlyCount "110"]
[EventDate "2009.03.06"]
[EventType "swiss"]
[EventRounds "5"]
[EventCountry "ENG"]
[SourceTitle "EXT 2011"]
[Source "ChessBase"]
[SourceDate "2010.11.26"]
[SourceVersion "1"]
[SourceVersionDate "2010.11.26"]
[SourceQuality "1"]

1. d4 f5 2. Nf3 Nf6 3. c4 g6 4. Nc3 Bg7 5. g3 d6 6. Bg2 0-0 7. 0-0 Nc6 8. e3 a6 9. b3 e5 10. dxe5 dxe5 11. Ba3 Re8 12. Qxd8 Rxd8 13. Rad1 Rxd1 14. Rxd1 e4 15. Nd4 Ne5 16. Bf1 Kf7 17. Nd5 Nxd5 18. cxd5 Bd7 19. Rc1 Rc8 20. Be2 Bf6 21. Kg2 Be7 22. Bb2 Bd6 23. a3 Rd8 24. b4 Ng4 25. b5 axb5 26. Nxb5 Bxb5 27. Bxb5 Nf6 28. Bc4 Nd7 29. Bd4 Ra8 30. Bb5 Ke7 31. a4 b6 32. Bc6 Ra5 33. Bb5 Bc5 34. Bxd7 Kxd7 35. Bxc5 bxc5 36. Rb1 Rxa4 37. Kf1 Rb4 38. Rd1 Kd6 39. h4 h6 40. Ke2 Rb5 41. f3 Rb2+ 42. Kf1 exf3 43. Rd3 Rb5 44. Kf2 c4 45. Rc3 Kxd5 46. Kxf3 Kc5 47. Ke2 Rb2+ 48. Kf3 Kb4 49. Rc1 c3 50. e4 fxe4+ 51. Kxe4 Kb3 52. Ke3 Rg2 53. Kf3 Kb2 54. Re1 Rd2 55. Ke3 Rh2 0-1